[Event "21st Hogeschool Zeeland 2017"]
[Site "Vlissingen"]
[Date "2017.08.07"]
[Round "3"]
[White "Vedder, Richard"]
[Black "Leenhouts, Koen"]
[Result "1-0"]
[WhiteElo "2255"]
[BlackElo "2486"]
[Annotator "TA"]
[PlyCount "68"]
[EventDate "2017.??.??"]
[SourceTitle "playchess.com"]
[Source "ChessBase"]
[SourceQuality "1"]

{[%evp 16,68,16,0,15,5,20,14,42,7,31,11,24,25,27,25,61,4,29,-28,-32,-47,66,-52,-81,-66,-64,-79,-54,-59,-57,-81,-66,-212,-206,-199,-192,-204,-193,-314,-262,-291,-292,-455,-452,-466,-461,-571,-571,-571,-569,-1209,-814,-783,-772]} 1. Nf3 Nf6 2. g3 c5 3. Bg2 Nc6 4. d3 e6 5. e4 d6 6. O-O Be7 7. Nbd2 O-O 8. c3 Bd7 9. a3 {LiveBook: 4 Games. B30: Sicilian: 2...Nc6 3 Bb5, lines without ...g6} (9. Re1 Rc8 10. a3 Ne5 11. Nxe5 dxe5 12. Nc4 Qc7 13. f4 exf4 14. Bxf4 Qd8 15. Bd6 b5 16. Bxe7 Qxe7 17. Ne3 Bc6 18. e5 {0-1 (45) Novikov,S (2536)-Grachev,B (2649) Moscow 2015}) 9... Qc7 10. Qe2 Rac8 11. b4 {The position is equal.} Ne5 $146 ({Predecessor:} 11... b6 12. Bb2 e5 13. Nc4 Be6 14. Nfd2 Rfd8 15. b5 Na5 16. Nxa5 bxa5 {1-0 (47) Castano Vanegas,H (2284)-Garcia Sanz,E (1994) Madrid 2012}) 12. Bb2 b5 13. Ne1 c4 14. d4 Nc6 15. Nc2 Rfe8 16. f4 (16. Ne3 $14) 16... e5 $11 17. fxe5 (17. d5 $142 Nd8 18. Qf3) 17... dxe5 18. d5 Nd4 (18... Nd8 $15) 19. cxd4 (19. Nxd4 $14 Qb6 20. Rac1) 19... c3 $15 20. Bxc3 Qxc3 21. dxe5 Qxc2 (21... Qxe5 {keeps more tension.} 22. Nf3 Qh5 23. Rae1 Bd8 24. e5 Bb6+) 22. exf6 Bxf6 23. Rad1 Qb2 24. Rf3 (24. Kh1 $15) 24... Bg4 $19 25. Qxb5 Bxf3 26. Bxf3 Qxa3 27. Kg2 (27. Be2 {was called for.}) 27... Rb8 28. Qa5 Qxb4 29. Qxa7 (29. Qxb4 {was necessary.} Rxb4 30. Be2) 29... Ra8 {Black is clearly winning.} 30. Qe3 Ra3 31. Qf4 {and the idea e5 leaves White hopeful.} Be5 32. Qg5 h6 {[%cal Bh7h6,Bh6g5][%mdl 32]} 33. Rb1 hxg5 34. Rxb4 Ra2 {[%mdl 32768] Precision: White = 13%, Black = 51%. . Loss on Time!?} 1-0

[Event "21st Hogeschool Zeeland 2017"]
[Site "Vlissingen"]
[Date "2017.08.07"]
[Round "3"]
[White "Frayna, Janelle Mae"]
[Black "Van Foreest, Lucas"]
[Result "1/2-1/2"]
[WhiteElo "2248"]
[BlackElo "2467"]
[Annotator "TA"]
[PlyCount "156"]
[EventDate "2017.??.??"]
[SourceTitle "playchess.com"]
[Source "ChessBase"]
[SourceQuality "1"]

{[%evp 15,156,4,16,-13,4,9,6,0,24,-17,0,-13,0,0,0,0,0,0,0,0,0,-20,0,0,0,0,0,0,0,0,0,-4,-12,-6,-8,-25,0,-11,60,-23,0,-15,0,0,0,0,0,0,0,0,55,0,0,0,18,0,0,0,0,0,0,0,0,0,16,0,0,0,0,0,0,0,0,-3,0,0,0,0,22,0,0,0,29,0,0,0,28,0,0,0,0,0,15,17,40,39,25,22,47,0,0,0,0,0,0,0,0,0,0,0,0,0,0,0,0,0,8,0,0,0,0,0,9,9,9,0,9,0,10,0,0,0,0,0,0,0,0,0,0,0,0,0,0]} 1. Nf3 Nf6 2. c4 b6 3. g3 Bb7 4. Bg2 g6 5. d4 Bg7 6. O-O O-O 7. Nc3 Ne4 8. Nxe4 Bxe4 9. d5 {A50: Queen's Fianchetto Defence (1 d4 Nf6 2 c4 b6)} (9. Be3 c5 10. Qd2 d6 11. Rac1 Nd7 12. Rfd1 Nf6 13. Bh6 Qc7 14. Bxg7 Kxg7 15. Ne1 Rad8 16. f3 Bb7 17. d5 b5 18. b3 bxc4 19. bxc4 e5 {1-0 (56) Zherebukh,Y (2632)-Ipatov,A (2662) Saint Louis 2017}) 9... e5 10. Bg5 $146 ({Predecessor:} 10. d6 c5 11. b3 Nc6 12. Bb2 Nd4 13. Re1 f5 14. Nxd4 exd4 15. f3 Bc6 16. e3 Qf6 17. exd4 Qxd6 {½-½ (38) Vul,A (2312)-Aniag,D Ottawa 2007}) 10... f6 11. Bd2 f5 12. Qb3 a5 13. Bh3 $1 Bxf3 14. exf3 d6 15. Qc2 Nd7 16. Rfe1 Nc5 17. Be3 Qf6 18. Rab1 Kh8 19. f4 e4 20. Bf1 Qf7 21. b3 Bf6 22. Be2 Qg7 23. h4 Rfe8 24. Red1 Kg8 25. Kg2 Re7 26. Qc1 Ree8 (26... h5 $11) 27. Qc2 (27. h5 $14) 27... h6 28. Qd2 Na6 29. Rdc1 Nc5 30. Kh2 Qe7 31. Kg2 Kg7 32. Rh1 Kg8 (32... h5 $11) 33. Rhc1 ({Better is} 33. g4 $1 $14) 33... Rf8 34. Rh1 Rf7 35. Bd1 Rff8 36. Be2 Qg7 37. Rbc1 Ra7 38. Rhd1 Re8 39. Kh2 Raa8 40. Kg2 Kh8 41. Rh1 Kh7 {[%cal Bh8h7,Bh7g8,Bg8f7,Bf7e7,Be7d8][%mdl 32]} 42. Kh2 Red8 43. Kg2 Rf8 44. Rhd1 Rh8 45. Rh1 Rae8 46. Kf1 Kg8 47. Kg2 Kf7 48. Rb1 Ke7 49. Rbc1 Kd8 50. Rb1 Bc3 51. Qc2 Bd4 52. Qd2 Bxe3 53. Qxe3 Reg8 54. a3 Nd7 55. b4 axb4 56. axb4 Ke7 57. Ra1 Ra8 {The position is equal.} 58. Ra3 Rxa3 59. Qxa3 Qd4 60. Rd1 Qf6 61. Rh1 Qd4 62. Rd1 Qf6 63. Rh1 Rc8 64. Qa6 Rb8 65. Qa3 Re8 66. Qa1 h5 67. Qa3 Kf7 68. Rb1 {[%cal Bh1b1,Bb1b3,Bb3a3][%mdl 32]} Qe7 69. Rb3 Qf6 70. Qa4 Re7 71. Qa3 Qd4 72. Qc1 Re8 73. Ra3 Nf6 74. Qe3 Qxe3 75. fxe3 Rc8 76. Kf2 Ke7 77. b5 Nd7 78. Ke1 Nc5 {Precision: White = 63%, Black = 56%.} 1/2-1/2

[Event "21st Hogeschool Zeeland 2017"]
[Site "Vlissingen"]
[Date "2017.08.07"]
[Round "3"]
[White "Bollen, Guus"]
[Black "Czebe, Attila"]
[Result "0-1"]
[WhiteElo "2245"]
[BlackElo "2465"]
[Annotator "TA"]
[PlyCount "84"]
[EventDate "2017.??.??"]
[SourceTitle "playchess.com"]
[Source "ChessBase"]
[SourceQuality "1"]

{[%evp 17,84,28,31,30,29,27,23,27,29,-19,56,48,44,46,60,61,70,69,79,82,74,8,51,0,0,-12,-20,-25,-16,-51,0,-55,-47,-56,-52,-50,-46,-54,-47,-64,-24,-39,-45,-42,-81,-161,7,7,113,95,125,90,145,74,143,-63,-85,-84,-81,-2100,-1811,-1819,-1777,-6227,-6187,-6187,-6179,-29992,-29993]} 1. e4 g6 2. d4 Bg7 3. Nf3 d6 4. c4 e5 5. Nc3 Nc6 6. Be3 Bg4 7. d5 Nd4 8. Be2 Bxf3 9. Bxf3 c5 10. dxc6 {A41: 1 d4 d6: Tartakower System and Modern Defence} bxc6 11. O-O Ne7 12. c5 {White has an edge.} (12. b4 O-O 13. Rb1 Qc7 14. Bxd4 exd4 15. Ne2 c5 16. b5 Bh6 17. Nc1 Bxc1 18. Qxc1 {½-½ (31) Swiercz,D (2645)-Kempinski,R (2615) Poland 2016}) 12... O-O 13. Rc1 dxc5 $146 (13... Nxf3+ $11 14. Qxf3 d5 15. exd5 cxd5) ({Find the theoretical novelty and annotate with similar games:} 13... Nxf3+ 14. Qxf3 d5 15. exd5 cxd5 16. Rfd1 d4 17. Ne4 f5 {1-0 (39) Liedl,W (2210)-Sinowjew,J (2325) Austria 1996}) 14. Na4 $14 Qa5 15. Rxc5 Nxf3+ 16. gxf3 Qa6 17. Qc2 Qc8 18. Kg2 h6 19. h3 ({Better is} 19. Rc3 $16) 19... Qe6 20. b3 ({White should try} 20. Ra5 $14) 20... g5 $11 21. Qc4 Qf6 $1 22. Rc1 Rfd8 23. Nb2 Rd6 (23... Ng6 $15) 24. Qe2 (24. Nd3 $11) 24... Ng6 $1 $15 25. Nc4 Re6 26. Na5 {[%cal Rc5c6]} Rc8 27. b4 Bf8 28. R5c4 $1 a6 29. a3 Nh4+ 30. Kg3 Qg6 31. R4c3 (31. R1c3 $17) 31... Be7 $2 (31... Rf6 $19 32. Bb6 Qh5) 32. Qxa6 $11 Rd8 (32... Rf8 $11 {remains equal.}) 33. Nxc6 $16 Bf8 {With the idea ...Rdd6.} 34. Qe2 $1 Rd4 {[#]} (34... Rd7 $142) 35. b5 ({Don't blunder} 35. Bxd4 $2 exd4 36. Rd3 Rxc6 $19) (35. Kh2 $142 $1 Rd7 36. Kh1) 35... Bd6 36. Kh2 $2 (36. b6 $16) 36... Qh5 $40 {[%mdl 128] Black wants a kill.} 37. Bd2 {[#]} Rf6 $1 38. Nxd4 $4 {[%mdl 8192]} (38. Rg1 $17 Rxd2 39. Qxd2 Nxf3+ 40. Rxf3 Rxf3 41. Rg3) 38... exd4+ $19 39. e5 dxc3 40. Rxc3 Nxf3+ 41. Kg2 g4 {[%csl Gg4][%cal Rh5h3]} 42. Rc8+ Bf8 {Precision: White = 31%, Black = 51%.} 0-1

[Event "21st Hogeschool Zeeland 2017"]
[Site "Vlissingen"]
[Date "2017.08.07"]
[Round "3"]
[White "Cordes, Hans-Joerg"]
[Black "Beerdsen, Thomas"]
[Result "0-1"]
[WhiteElo "2221"]
[BlackElo "2447"]
[Annotator "TA"]
[PlyCount "52"]
[EventDate "2017.??.??"]
[SourceTitle "playchess.com"]
[Source "ChessBase"]
[SourceQuality "1"]

{[%evp 20,52,27,29,36,31,43,38,48,20,22,-335,-321,-349,-343,-328,-332,-588,-599,-483,-470,-1567,-1481,-5716,-5710,-5581,-5573,-5186,-3236,-2535,-2247,-2405,-2292,-2011,-1370]} 1. d4 Nf6 2. c4 e6 3. Nc3 Bb4 4. e3 O-O 5. Bd3 d5 6. Nf3 dxc4 7. Bxc4 b6 8. a3 Bxc3+ 9. bxc3 Bb7 10. O-O Nbd7 11. a4 Ne4 {E52: Nimzo-Indian: Rubinstein: 4...0-0 5 Nf3 d5 6 Bd3 b6} (11... c5 12. a5 Qc7 13. Be2 Rac8 14. axb6 axb6 15. h3 h6 16. Bb2 Rfd8 17. Qb3 Bd5 18. c4 Bxf3 19. gxf3 cxd4 20. Bxd4 {1-0 (36) Sieciechowicz,M (2436)-Markowski,T (2583) Poronin 2014}) 12. Qc2 $146 ({Predecessor:} 12. Qb3 a5 13. Ba3 Re8 14. Rfd1 Ndf6 15. Bb5 c6 16. Bd3 Rb8 17. Qc2 Qd5 18. c4 Qf5 19. Ne5 {1-0 (32) Vasiliev,V (2361)-Gorjachev,A (2219) Riazan 2009}) 12... c5 13. Bd3 f5 {White is slightly better.} 14. c4 (14. a5 $5) 14... Rf6 15. Ne5 $2 {[%mdl 8192]} (15. Bb2 $11 {and White stays safe.}) 15... Nxe5 $19 16. dxe5 Rh6 17. f3 Qh4 {[%csl Gh6][%cal Rh4h2]} 18. h3 $2 {[#]} (18. fxe4 Qxh2+ 19. Kf2 fxe4 20. Ke1 Qxe5 21. Qb2 Qg3+ 22. Qf2 Qxf2+ 23. Rxf2 exd3 24. a5) 18... Ng5 $1 {Black is clearly winning.} 19. Rf2 {[#]} Bxf3 $1 {[%mdl 512]} 20. e4 {[#]} (20. Kf1 $142 Qg3 21. Ra3) (20. Rxf3 Nxf3+) 20... Nxh3+ $1 {[%mdl 512]} 21. gxh3 Qxh3 {[%csl Gf3,Gh6][%cal Rh3h1]} 22. Rxf3 Qh1+ 23. Kf2 Rh2+ 24. Ke3 Qg1+ 25. Qf2 Rxf2 26. Rxf2 Rd8 {Precision: White = 28%, Black = 84%.} 0-1

[Event "21st Hogeschool Zeeland 2017"]
[Site "Vlissingen"]
[Date "2017.08.07"]
[Round "3"]
[White "Amesz, Jaap"]
[Black "Zwirs, Nico"]
[Result "1/2-1/2"]
[WhiteElo "2201"]
[BlackElo "2399"]
[Annotator "TA"]
[PlyCount "60"]
[EventDate "2017.??.??"]
[SourceTitle "playchess.com"]
[Source "ChessBase"]
[SourceQuality "1"]

{[%evp 17,60,19,41,29,38,16,28,6,10,11,12,0,0,-26,-29,-28,-24,-25,-22,-76,-78,-78,-78,-66,-78,-78,-75,-68,-70,-118,-118,-119,-129,-158,-113,-130,-8,-8,-8,-13,0,0,0,-8,0]} 1. d4 Nf6 2. c4 g6 3. Nc3 Bg7 4. e4 d6 5. Nf3 O-O 6. Be2 Nbd7 7. O-O e5 8. d5 a5 9. Be3 Ng4 10. Bg5 {E94: King's Indian: Classical: 6 Be2 e5 7 0-0: Various Black 7th moves} f6 11. Bd2 f5 12. exf5 {White has an edge.} gxf5 13. Ng5 {[#] Ne6 is the strong threat.} Nc5 14. Bxg4 fxg4 15. Nge4 (15. f3 {keeps more tension.} Qe8 16. Nb5 Qe7 17. Ne4 gxf3 18. Nxc5 f2+ 19. Kh1) 15... Nxe4 16. Nxe4 Qe8 $146 ({Find the theoretical novelty and annotate with similar games:} 16... Bf5 17. Qe2 Qe8 {1-0 (28) Miladinovic,I (2598)-Vujasic,T (2132) Belgrade 2006}) 17. Qe2 Qg6 18. c5 (18. Rae1 $11 {remains equal.}) 18... b6 $36 {[%mdl 2048] White is under strong pressure.} 19. cxb6 Ba6 20. Qe3 Bxf1 21. Rxf1 cxb6 22. Re1 b5 {[%cal Bb6b5,Bb5b4][%mdl 32]} 23. Qb6 b4 24. Bg5 h6 25. Be7 Rf4 26. Nxd6 {[#]} Re8 ({Better is} 26... Bf8 $1 $17 {[%cal Rf8e7]} 27. Qb7 Bxe7 28. Qxa8+ Rf8) 27. Bd8 $11 {The position is equal.} Ref8 28. Be7 Re8 (28... Rxf2 $5 {[%cal Rg6c2]} 29. Bxf8 Rxf8 $11) 29. Bd8 Ref8 30. Be7 Re8 {Precision: White = 62%, Black = 63%.} 1/2-1/2

[Event "21st Hogeschool Zeeland 2017"]
[Site "Vlissingen"]
[Date "2017.08.07"]
[Round "3"]
[White "Nothnagel, Marian Can"]
[Black "Van Delft, Merijn"]
[Result "1/2-1/2"]
[WhiteElo "2196"]
[BlackElo "2393"]
[Annotator "TA"]
[PlyCount "97"]
[EventDate "2017.??.??"]
[SourceTitle "playchess.com"]
[Source "ChessBase"]
[SourceQuality "1"]

{[%evp 20,97,25,0,12,12,20,16,35,-12,10,11,27,22,35,32,20,0,31,14,30,11,35,29,32,26,27,0,0,0,0,-27,0,0,0,0,28,37,72,68,82,69,84,83,39,0,0,0,0,0,84,0,0,0,0,0,0,0,0,-47,-47,-621,-17,-132,-139,-132,-132,-132,-93,-93,-93,-93,-93,-93,-93,-93,-93,-93,0,-93]} 1. Nf3 d5 2. g3 c6 3. Bg2 Bf5 4. O-O e6 5. d3 h6 6. Nbd2 Nf6 7. Qe1 Be7 8. e4 Bh7 9. b3 O-O 10. Bb2 a5 11. a3 Re8 {A07: Réti Opening: New York and Capablanca Systems} (11... c5 12. Ne5 Nc6 13. Nxc6 bxc6 14. f4 a4 15. Kh1 Re8 16. Qe2 Qb6 17. Rae1 Nd7 18. g4 Bf8 19. g5 hxg5 20. fxg5 axb3 21. cxb3 {1-0 (33) Li,C (2720)-Mareco,S (2664) chess.com INT 2017}) 12. Qe2 c5 13. a4 Nc6 14. h3 {[#]} Nb4 $146 ({Predecessor:} 14... Rc8 15. c3 Qb6 16. Rab1 Qa6 17. Rfe1 Red8 18. Bf1 Qb6 19. Red1 {0-1 (56) Yatsenko,A (2483)-Sveshnikov,E (2510) Satka 2008}) 15. Rac1 Rc8 16. Ne5 Na2 17. Ra1 Nb4 18. Rac1 (18. c3 $5 {[%cal Rc3b4]} Nc6 19. Nxc6 bxc6 20. c4 $11) 18... Na2 19. Rce1 Nb4 20. Qd1 Nd7 21. Nxd7 Qxd7 22. Qg4 {[%csl Gb2][%cal Rg4g7]} Bf8 23. Rc1 b5 24. exd5 Bf5 25. Qd1 bxa4 26. g4 Bh7 27. dxe6 Rxe6 (27... Qxe6 {with more complications.} 28. bxa4 Bd6 29. Qf3 Qd7 30. Nc4 Bc7) 28. bxa4 Qxa4 29. f4 $1 c4 30. Nxc4 Rxc4 31. dxc4 Bxc2 32. Qd8 {Rce1 is the strong threat.} Nd3 33. Ra1 Qxc4 {Strongly threatening ...Rd6.} 34. Ba3 $1 {[%cal Ra3f8]} Nc5 {[#]} (34... Nb4 $11) 35. Qxa5 (35. Rf2 $1 $16 {Hoping for Bd5.} Qc3 36. Bxc5 Qxc5 37. Qd2 (37. Qxa5 $2 Re2 $19)) 35... Re2 $36 {[%mdl 2048] Black has some pressure.} 36. Rae1 $1 {[%cal Re1e2] [#]} Rxg2+ $1 {[%mdl 512]} 37. Kxg2 {Black must now prevent Bxc5.} Be4+ 38. Rxe4 $1 Qxe4+ 39. Rf3 Nd3 40. Bxf8 $4 {[%mdl 8192] [#]} (40. Qc3 $15 Ne1+ 41. Kf2 Nxf3 42. Bxf8) 40... Ne1+ $2 ({Black should try} 40... Qe2+ $1 $19 41. Kg3 Ne1 42. Qxe1 Qxe1+ 43. Kg2 Kxf8) 41. Qxe1 (41. Kf2 $11 {keeps the balance.} Nxf3 42. Bc5) 41... Qxe1 {[%mdl 4096] Endgame KQ-KRB} 42. Bc5 Qe2+ 43. Bf2 f6 44. Re3 Qc4 45. f5 Qd5+ 46. Rf3 Qe4 47. Kg3 Qe5+ 48. Kg2 Qe4 49. Kg3 {Precision: White = 62%, Black = 55%.} 1/2-1/2